|
|
|
|
| LEADER |
00000nab a2200000uu 4500 |
| 001 |
vtls011451877 |
| 003 |
SK-MaSNL |
| 005 |
20260303153829.0 |
| 008 |
230222|1970 xo |||||||||||||||||slo| |
| 015 |
|
|
|a SNBRB
|
| 035 |
|
|
|a (urnnbn)urn:nbn:sk:snk:ar-0077kp
|
| 035 |
|
|
|a (uuid)5b060dd9-28f3-4847-b9dd-2e647f0edf31
|
| 035 |
|
|
|a urn:nbn:sk:snk-abcnqk
|
| 040 |
|
|
|a SNKBUCL
|b slo
|c SNKBUCL
|e AACR2
|
| 041 |
0 |
|
|a slo
|
| 044 |
|
|
|a xo
|c SK
|
| 100 |
1 |
|
|a Stollmann, Andrej,
|d 1932-
|4 aut
|9 8962
|
| 245 |
1 |
0 |
|a ČAJKA ČIERNOHLAVÁ TURECKÁ (LARUS MELANOCEPHALUS MELANOCEPHALUS TEMMINCK, 1820) ZO SEVERNÉHO SLOVENSKA
|c Andrej Štollmann
|
| 246 |
3 |
|
|a LARUS MELANOCEPHALUS MELANOCEPHALUS TEMMINCK, 1820 AUS DER NORDSLOWAKEI
|
| 773 |
0 |
|
|t Zborník Slovenského národného múzea
|g Roč. 64, č. 16-1 (1970), s. 137-[141]
|
| 954 |
|
|
|a odborná, vedecká literatúra pôvodná (slovenská)
|2 lita
|
| 958 |
|
|
|a OND
|
| 958 |
|
|
|a EUIPO
|
| 958 |
|
|
|a article16
|
| 999 |
|
|
|c 2030433
|d 2032363
|